| 000 -LEADER |
| fixed length control field |
00301nam a22001097a 4500 |
| 082 ## - DEWEY DECIMAL CLASSIFICATION NUMBER |
| Classification number |
TNC A7 B859 |
| 100 ## - MAIN ENTRY--PERSONAL NAME |
| Personal name |
Buddharakkhita,Acharya |
| 9 (RLIN) |
20003 |
| 245 ## - TITLE STATEMENT |
| Title |
Life's great blessings |
| Statement of responsibility, etc |
by Acharya Buddharakkhita |
| 260 ## - PUBLICATION, DISTRIBUTION, ETC. (IMPRINT) |
| Place of publication, distribution, etc |
Bangalore |
| Name of publisher, distributor, etc |
Buddha Vachana Trust |
| Date of publication, distribution, etc |
2006 |
| 300 ## - PHYSICAL DESCRIPTION |
| Extent |
57p. |
| 440 ## - SERIES STATEMENT/ADDED ENTRY--TITLE |
| Volume number/sequential designation |
Vol.2 |
| 9 (RLIN) |
20004 |